02256cam a22005294i 4500003000900000005001700009008004100026020001800067035002700085040003300112049000900145082002100154100003000175245006100205264004900266300005600315336002100371337002500392338002300417490004300440504004000483504004500523504006200568504006200630504004800692505010600740526001000846526001000856526001000866526001000876526000800886526000800894526000800902526000800910526000800918526000800926526000800934630005600942910002800998942001401026949020201040994001401242596000601256999022701262980005501489952018201544PE-LiUPU20250731172835.0150825s2014 miua rb 001 0 eng d a9780310291473 a(Sirsi) i9780310291473 aPE-LiUPUbspacPE-LiUPUerda aPRUA04a227.906bD192231 aDavids, Peter H.,eautor.12aA theology of James, Peter, and Jude /cPeter H. Davids. 1aGrand Rapids, Michigan :bZondervan,c[2014] a340 páginas :bilustraciones ;c24 centímetros. atext2rdacontent aunmediated2rdamedia avolume2rdacarrier0 aBiblical theology of the New Testament aBibliografía : páginas 303-317. aÍndice de autores : páginas 339-340. aÍndice de escrituras y apócrifos : páginas 319-325. aÍndice de fuentes clásicas y judías : página 326. aÍndice de términos : páginas 328-338.0 aIntroduction: common themes and Issues -- James -- First Peter -- Second Peter -- Jude -- Conclusion. aSEG42 aSEG41 aSEG40 aSEG39 aP94 aP87 aP86 aP85 aP77 aP76 aP3504aBiblia.pN.T.pEpístolas católicasxTeología. accebjvqccced20150825 2ddccBOOK aPGT 227.906 D19wDEWEYc1i71487d2015-10-28lCCODEBUL1mBULp25.00q3r0sYtBOOKu2015-8-25xTEOLOGIAPP850COMPRAo.CIRCNOTE. No olvidar cambiar la fecha de devolución!!!!!!!o.STAFF. Posgrado aC0bPEPRU a1 aPGT 227.906 D19wDEWEYc6964i71487d6964f2021-11-9g5lCCODEBUL1mBULp25.00q8r0sYtBOOKu2015-8-25xTEOLOGIAPP850COMPRAo.CIRCNOTE. No olvidar cambiar la fecha de devolución!!!!!!!o.STAFF. Colección Teología 81gALBERTO SANCHEZ Responsable de Automatización r2025-12-03 00:00:00i6l1o227.906 D19p71487s2024-06-18te1v30.00w2015-08-25xPGyBKzinventario-2023-12-13102ddc50708GENfP85aBULbBULcGENd2015-08-25eCOMPRAg25.00